ARRUPE JESUIT UNIVERSITY

CORONAVIRUS -STOP THE SPREAD - CLEAN,DISINFECT,COVER
Normal view MARC view

Entry Topical Term

Number of records used in: 1

001 - CONTROL NUMBER

  • control field: 51586

003 - CONTROL NUMBER IDENTIFIER

  • control field: ARRUPE

005 - DATE AND TIME OF LATEST TRANSACTION

  • control field: 20220517083500.0

008 - FIXED-LENGTH DATA ELEMENTS

  • fixed length control field: 220517|| aca||aabn | a|a d

040 ## - CATALOGING SOURCE

  • Original cataloging agency: ARRUPE
  • Transcribing agency: ARRUPE

150 ## - HEADING--TOPICAL TERM

  • Topical term or geographic name as entry element: Political corruption
  • Geographic subdivision: Africa, Sub-Saharan
  • Form subdivision: Congresses

670 ## - SOURCE DATA FOUND

  • Source citation: Work cat.: (ARRUPE)131428: Southern African Universities Social Science Conference (20th : 1997 : Lusaka, Zambia) 51585, Corruption, democracy, and good governance in Africa :, 1999.

 

Arrupe Library. PO Box MP320 Mt Pleasant, Harare, Zimbabwe
263 242 745411|librarian@aju.ac.zw